| 000 | 00343nam a2200145Ia 4500 | ||
|---|---|---|---|
| 008 | 230312s9999||||xx |||||||||||||| ||und|| | ||
| 020 | _a0-521-84989-0 | ||
| 082 |
_a501.51 _bGON-S |
||
| 100 | _aWright;Alan | ||
| 245 | 0 | _aMicrosoft Windows 10 | |
| 260 |
_bCambridge _aUK _c2009 |
||
| 300 | _a236 | ||
| 650 |
_aComputer _vComputer |
||
| 942 | _cBK | ||
| 999 |
_c15151 _d15151 |
||